000 02675nam0a22005051 4500
001 RU\NLR\A1\8010
005 20260408063522.0
035 _a(NLR Aleph) 009673160
090 _a9671072
_c9671072
100 _a19960508d1786 m y0rusy50 ca
101 1 _arus
_cfre
102 _aRU
135 _acrcn 024anaba
140 _ay y eayaa0010
200 1 _aИстория девицы де Морсан, или Благополучная оспа
_gПереведена с французскаго языка князем Парфением Енгалычевым
210 _aВ Москве,
_cв типографии Пономарева
_d1786
215 _a23, [1] с.
_d
300 _aВ др. переводе входит в состав кн.: "Сосуд разных творений маркиза де Варжемонта..."
300 _aЦенз.: печатано с указнаго дозволения
316 _aЭкз. РНБ (18.237.4.265) в голубой бумажной обложке. На 1-й с. обл. наклейка с шифром РНБ. Обрез тонирован желтым. На с.2 круглый штамп ГПБ. На с.[1] штамп дезинфекции 1951 г. Размер: 17,8х10,9х0,3 см.
_5NLR: 18.237.4.265
321 1 _aСК XVIII 834
325 _aКопия доступна в Электрон. б-ке РНБ
517 1 _aБлагополучная оспа
620 _dМосква
700 1 _4070
_7ca
_8rus
_aЛе Фурнье де Варжемон
_bА.-Ф.
_f1754-ок.1797
_gАльбер-Франсуа
_3RU\NLR\AUTH\770168398
_9168350
702 1 _4730
_7ca
_8rus
_aЕнгалычев
_bП. Н.
_f1769-1829
_gПарфений Николаевич
_9167348
_3RU\NLR\AUTH\770167395
702 1 _aПономарев
_4610
712 0 2 _4610
_aПономаревы, типография
_cМосква
_3RU\NLR\AUTH\8810035671
_9569762
801 0 _aRU
_bNLR
_c19960508
852 _aNLR
_j18.237.4.265
856 0 _uhttp://vivaldi.nlr.ru/bx700000219/view
856 1 _uhttp://vivaldi.nlr.ru/bx700000219/cover
856 2 _uhttp://vivaldi.nlr.ru/bx700000219/text
899 _aБАН
942 _cBOOK
980 _aNB
980 3 _akpcivil
980 3 _akp
980 _aA1XVIIIv
981 2 0 _a(20) Книжные памятники РНБ
_b(20) Русский книжный фонд